Les 10 villes les plus peuplées du Pas-de-Calais (62) - Statistiques

Statistiques générales
  • Ce quiz a été pris 54 fois
  • Le résultat moyen est 6 sur 10
Statistiques - réponses
Population Communes % Correct
42 600 Arras
98%
67 600 Calais
96%
32 700 Lens
85%
41 000 Boulogne-sur-Mer
81%
25 300 Béthune
62%
30 100 Liévin
60%
25 800 Hénin-Beaumont
51%
18 000 Carvin
34%
17 600 Avion
30%
22 000 Bruay-la-Buissière
30%
Aucun quiz correspondant
Distribution des résultats
% des personnes avec chaque résultat
Percentile par nombre de réponses
Votre historique - résultats
Vous n’avez pas pris ce quiz